00314nam a2200109Ia 450000500170000000800410001710000280005824500750008626000210016130000110018265000110019320260328104342.0260328s9999||||xx |||||||||||||| ||und|| aSamper Gnecco, Germán 0aCroquis de Viaje :b Germán Samper Gnecco| /cGermán Samper Gnecco bLa Imprenta S.A  a330 p. aDIBUJO